书目信息 |
| 题名: |
相声表演漫谈
|
|
| 作者: | 罗荣寿 著 | |
| 分册: | ||
| 出版信息: | 上海 上海文艺出版社 1979 |
|
| 页数: | 128页 | |
| 开本: | 19cm | |
| 丛书名: | 曲艺知识丛书 | |
| 单 册: | ||
| 中图分类: | J826.1 | |
| 科图分类: | ||
| 主题词: | 相声--表演艺术 | |
| 电子资源: | ||
| ISBN: | ||
| 000 | 00641oam2 2200229 450 | |
| 001 | 1553178164 | |
| 005 | 20150128144651.29 | |
| 091 | @a8078.3124@dCNY0.26 | |
| 100 | @a20120905d1979 em y0chiy0121 ea | |
| 101 | 0 | @achi |
| 102 | @aCN@b310000 | |
| 105 | @ay z 000yy | |
| 200 | 1 | @a相声表演漫谈@9xiang sheng biao yan man tan@f罗荣寿著 |
| 210 | @a上海@c上海文艺出版社@d1979 | |
| 215 | @a128页@d19cm | |
| 225 | 2 | @a曲艺知识丛书@9qu yi zhi shi cong shu |
| 461 | 0 | @12001 @a曲艺知识丛书 |
| 606 | 0 | @a相声@x表演艺术 |
| 690 | @aJ826.1@v5 | |
| 701 | 0 | @a罗荣寿@9luo rong shou@4著 |
| 801 | 0 | @aCN@bTSSF@c20150128 |
| 905 | @aZUCC@dJ826.1@eJY1 | |
| 相声表演漫谈/罗荣寿著.-上海:上海文艺出版社,1979 |
| 128页;19cm.-(曲艺知识丛书) |
| ISBN : |
| ● |
| 相关链接 |
|
|
|
|
正题名:相声表演漫谈
索取号:J826.1/JY1
 
预约/预借
| 序号 | 登录号 | 条形码 | 馆藏地/架位号 | 状态 | 备注 |
| 1 | 7837379 | 278373797 | 学院路分馆/ [索取号:J826.1/JY1] | 在馆 |